Research on Smart caching and content sharing for mobile networks : Doctoral Thesis

Đã lưu trong:
Bibliografiske detaljer
Hovedforfatter: Ong, Mậu Dũng
Format: Luận văn
Sprog:Undetermined
Udgivet: Huazhong University of Science and Technology 2015
Fag:
Tags: Tilføj Tag
Ingen Tags, Vær først til at tagge denne postø!
Thư viện lưu trữ: Trung tâm Thư viện - Trường Đại học Công nghiệp TP. Hồ Chí Minh
LEADER 00564nam a2200157Ia 4500
001 UIH_01961
008 230809s9999 xx 000 0 und d
082 |a 4.1 
100 |a Ong, Mậu Dũng 
245 0 |a Research on Smart caching and content sharing for mobile networks : Doctoral Thesis 
245 0 |c Ong, Mậu Dũng 
260 |b Huazhong University of Science and Technology 
260 |c 2015 
650 |a Cấu trúc máy tính;; 
927 |a Luận văn 
980 |a Trung tâm Thư viện - Trường Đại học Công nghiệp TP. Hồ Chí Minh